000 00306nam a2200109 4500
008 180220b xxu||||| |||| 00| 0 eng d
245 _aInflation seen to rise this year.
260 _aPhilippines
_bThe Philippine Star
_cc2017
300 _apage B4.
650 0 _926692
_aEconomic conditions.
942 _2ddc
_cPER
999 _c8772
_d8772